Das einzig übrige Land, das ... (Südamerika) - Statistiken

Allgemein
  • Dieses Quiz wurde 606 mal gespielt
  • Das Durchschnittsergebnis liegt bei 11 aus 12
Antworten auf der Karte
Die Antworten werden auf der Karte rot bzw. grün angezeigt, abhängig davon wie oft sie richtig erraten wurden.
 
Antwortstatistiken
Das einzig übrige südamerikanische Land, das ... Antwort % Korrekt
eine Stadt mit mehr als 15 Millionen Einwohnern hat Brasilien
97%
Gebiete in der Antarktis besitzt Chile
97%
weniger als 6 Buchstaben hat Peru
97%
einen Berg über 6.900 m besitzt Argentinien
96%
eine Fußball-WM gewann Uruguay
95%
Land auf dem Äquator besitzt Ecuador
93%
über 40 Millionen Einwohner hat Kolumbien
93%
ein Binnenland ist Paraguay
92%
über 1.000.000 km² groß ist Bolivien
91%
Blau in der Flagge hat Venezuela
89%
eine Hauptstadt mit "P" hat Suriname
88%
in Südamerika liegt Guyana
87%
Keine übereinstimmenden Quizze gefunden
Verteilung der Resultate
Anzahl Personen mit jedem Resultat
Perzentil nach korrekt beantworteten Fragen
Ihre Resultats-Entwicklung
Sie haben dieses Quiz noch nicht gespielt